000 04572cas a2200901 a 4500
999 _c332095
_d332095
001 11148285
003 NUST
005 20171109143824.0
008 771117c19609999dcu x 0 a0eng c
010 _a 55001979
_zsn 84002664
022 0 _a8755-3546
_l8755-3546
_21
035 _a(OCoLC)ocm03426044
037 _bAmerican Public Health Association, 1015 15th St., NW, Washington, DC 20005
040 _aFXG
_beng
_cFXG
_dNYG
_dNSD
_dIUL
_dHUL
_dPIT
_dNSD
_dDLC
_dNST
_dDLC
_dNYG
_dNST
_dHUL
_dDLC
_dIUL
_dNSD
_dSYS
_dOCLCQ
_dLVB
_dOCLCQ
_dZAD
_dOCLCQ
_dCUS
_dOCLCF
_dOCLCQ
_dXFF
_dI8M
_dOCLCO
_dVYT
_dOCLCO
_dYDX
_dOCLCQ
_dOCLCA
042 _ansdp
_apcc
050 0 0 _aQD142
_b.A5
082 1 0 _a628.161 AWW
_211
210 0 _aStand. meth. exam. water wastewater
222 0 _aStandard methods for the examination of water and wastewater
245 0 0 _aStandard methods for the examination of water and wastewater :
_bincluding bottom sediments and sludges /
_cprepared and published jointly by American Public Health Association, American Water Works Association, Water Pollution Control Federation.
246 3 0 _aStandard methods
250 _a6th ed.
260 _aNew York :
_bAmerican Public Health Association,
_c©1985-
300 _avolumes :
_billustrations ;
_c24 cm
310 _aIrregular
336 _atext
_btxt
_2rdacontent
337 _aunmediated
_bn
_2rdamedia
338 _avolume
_bnc
_2rdacarrier
362 0 _a11th ed.-
500 _aPublished: Washington, DC, <1992->
501 _aH.B
525 _aUpdating supplements issued between editions.
550 _aIssued by the American Public Health Association, American Water Works Association, Water Environment Federation, <1992->
588 _aLatest issue consulted: 20th ed. (1998).
590 _aSERBIB/SERLOC merged record
650 0 _aWater
_xAnalysis.
_96133
650 0 _aSewage
_xAnalysis.
_96279
650 6 _aEau
_xAnalyse.
_96280
650 6 _aEaux usées
_xAnalyse.
_96281
650 7 _aSewage
_xAnalysis.
_2fast
_0(OCoLC)fst01113737
_96279
650 7 _aWater
_xAnalysis.
_2fast
_0(OCoLC)fst01171149
_96133
650 2 _aSewage
_xanalysis.
_96282
650 2 _aWater Microbiology.
_95836
650 2 _aWater Pollution
_xanalysis.
_96283
655 2 _aLaboratory Manuals.
_96284
710 2 _aAmerican Public Health Association.
_96285
710 2 _aAmerican Water Works Association.
_95987
710 2 _aWater Pollution Control Federation.
_96286
710 2 _aWater Environment Federation.
_95759
780 0 0 _tStandard methods for the examination of water, sewage, and industrial wastes
_w(DLC) 90644873
_w(OCoLC)7751089
906 _a7
_bcbc
_cserials
_du
_encip
_f19
_gn-oclcserc
942 _2ddc
_cBK
_kIESE